[Event "Legislatura Portena Open 2019"]
[Site "Buenos Aires"]
[Date "2019.03.26"]
[Round "6.5"]
[White "SICA, Mauro"]
[Black "Obregon, Andres Carlos"]
[Result "0-1"]
[WhiteElo "2248"]
[BlackElo "2514"]
[Annotator "TA"]
[PlyCount "90"]
[EventDate "2019.03.20"]
[EventType "swiss"]
[EventCountry "ARG"]
[SourceTitle "playchess.com"]
[Source "ChessBase"]
[SourceQuality "1"]

{[%evp 20,90,3,-5,10,-1,-8,-26,-27,-34,-20,-33,-18,-31,-9,-23,-22,-44,-25,-43,-35,-43,-44,-46,-38,-31,0,0,0,0,0,0,0,-13,-12,-15,-18,-90,-57,-124,-118,-146,-129,-128,-126,-285,-268,-322,-312,-508,-391,-528,-522,-591,-590,-573,-581,-809,-865,-854,-826,-845,-839,-1272,-1178,-1239,-1000,-2055,-2062,-29985,-29985,-29986,-29986]} 1. d4 Nf6 2. c4 e6 3. Nc3 Bb4 4. e3 O-O 5. Nge2 d5 6. a3 Be7 7. cxd5 exd5 8. Nf4 c6 9. Bd3 Na6 {E46: Nimzo-Indian: Rubinstein: 4 e3 0-0 5 Ne2 without early Bd3} 10. O-O Nc7 11. Bc2 {LiveBook: 10 Games} (11. f3 Re8 12. Bd2 Bf8 13. Qe1 g6 14. g4 c5 15. Qf2 b6 16. h4 Bd6 17. Nce2 {0-1 (54) Caruana,F (2816)-Karjakin,S (2782) Leuven 2018}) 11... b6 {The position is equal.} 12. f3 c5 13. Bb3 $146 ({Predecessor:} 13. Rf2 Bd6 14. Nce2 Re8 15. Bd2 Bb7 16. b4 c4 17. g4 {0-1 (55) Ubiennykh,E (2346)-Kosteniuk,A (2537) Novosibirsk 2016}) 13... Bb7 14. Bd2 Bd6 15. Nfe2 Qe7 16. Qe1 Rad8 17. Qf2 Ne6 18. Rfe1 Qc7 19. f4 a6 20. h3 b5 21. Rac1 Qb8 22. Bc2 b4 23. Na4 bxa3 24. bxa3 cxd4 25. exd4 Bxa3 26. Rb1 Qc7 $36 {[%mdl 2048] White is under pressure.} 27. Bd3 h6 ({Worse is} 27... Ne4 28. Bxe4 dxe4 29. f5 $18) 28. h4 (28. Rb3 $11 {remains equal.} Bd6 29. Rb6) 28... Rfe8 29. Rb3 (29. f5 $15 Nf8 30. Bf4) 29... Bd6 $17 30. Rc1 Qe7 31. g3 Rc8 {[#] And now ...Rxc1+ would win.} 32. Rcb1 $2 (32. Qf1 $17) 32... Bc6 $19 33. Nb6 Rb8 34. Bxa6 $2 (34. f5 {was worth a try.} Nc7 35. Nc3) 34... Ne4 35. Qe3 {[#]} N6c5 $1 {[%mdl 512]} 36. dxc5 Bxc5 37. Nd4 Qa7 38. Nxc6 Bxe3+ 39. Bxe3 Qxa6 40. Nxb8 Rxb8 41. Kg2 Qe2+ 42. Kh3 h5 {...Qg4+ is the strong threat.} 43. Bd4 Nd2 44. R1b2 Qf1+ 45. Kh2 Nxb3 {Precision: White = 18%, Black = 62%.} 0-1

[Event "Legislatura Portena Open 2019"]
[Site "Buenos Aires"]
[Date "2019.03.26"]
[Round "6.6"]
[White "Hungaski, Robert"]
[Black "GIAMPA, Alejandro"]
[Result "1-0"]
[WhiteElo "2505"]
[BlackElo "2251"]
[Annotator "TA"]
[PlyCount "63"]
[EventDate "2019.03.20"]
[EventType "swiss"]
[EventCountry "ARG"]
[SourceTitle "playchess.com"]
[Source "ChessBase"]
[SourceQuality "1"]

{[%evp 24,63,47,26,41,41,41,35,40,39,117,117,117,116,117,103,131,146,134,144,136,122,113,112,115,87,85,86,137,136,136,132,145,129,162,94,103,96,150,141,186,182]} 1. e4 {Tsesarsky,I} c5 2. Nf3 Nc6 3. d4 cxd4 4. Nxd4 g6 5. c4 Bg7 6. Be3 Nf6 7. Nc3 Ng4 8. Qxg4 Nxd4 9. Qd1 e5 10. Bd3 d6 11. O-O O-O 12. a4 Be6 {B39: Sicilian: Maroczy Bind with 5...Bg7 and 7...Ng4} 13. a5 {LiveBook: 3 Games} Rc8 (13... Qd7 14. Qa4 Qxa4 15. Rxa4 Rfc8 16. Nd5 Bxd5 17. exd5 Re8 18. Re1 f5 19. Kf1 Kf7 20. b4 {1-0 (67) Saric,I (2657)-Navara,D (2737) Batumi 2018 CBM 184 [Szabo,Kr]}) 14. Nd5 Bxd5 {White is slightly better.} 15. cxd5 a6 16. Qa4 {[#]} f5 $146 (16... Qe7 $14) ({Predecessor:} 16... Rc5 17. Rfc1 Qe7 18. Rxc5 dxc5 19. Rc1 Rd8 20. Qc4 {1-0 (32) Shabalov,A (2615)-Baburin,A (2600) Mermaid Beach 1998 CBM 062 Extra [Tsesarsky,I]}) 17. Bxd4 $1 $16 exd4 18. exf5 gxf5 {[#]} 19. f4 $1 Kh8 20. Rfe1 Rc5 21. Re6 Qc7 22. Kf2 Rc1 23. Re1 Rxa1 24. Qxa1 Qc5 25. Qa2 b6 (25... Bf6 $142) 26. axb6 Qxb6 27. Re2 a5 28. Qa3 Rb8 {[#]} 29. g3 (29. Qa4 $1 $18 {Hoping for Re8+.} Rf8 30. Qd7) 29... Bf8 30. h4 Qc7 (30... h5 $142 31. Kg2 Qb3) 31. Qa4 Qf7 32. Qxa5 {Precision: White = 90%, Black = 42%.} 1-0

[Event "Legislatura Portena Open 2019"]
[Site "Buenos Aires"]
[Date "2019.03.26"]
[Round "6.7"]
[White "Chiarot, Cesar"]
[Black "Tristan, Leonardo"]
[Result "1-0"]
[WhiteElo "2233"]
[BlackElo "2504"]
[Annotator "TA"]
[PlyCount "179"]
[EventDate "2019.03.20"]
[EventType "swiss"]
[EventCountry "ARG"]
[SourceTitle "playchess.com"]
[Source "ChessBase"]
[SourceQuality "1"]

{[%evp 16,179,1,-29,-30,-66,-66,-66,-66,-66,-58,-59,-72,-75,0,0,0,-12,131,131,128,132,111,66,130,84,98,106,168,0,295,279,600,633,577,616,920,913,668,268,322,0,320,327,300,60,58,44,79,40,104,108,321,214,228,181,469,464,470,460,445,454,456,451,399,316,310,0,392,375,343,289,257,262,242,173,173,172,165,93,119,33,35,8,343,343,343,343,343,343,343,343,343,343,343,329,329,206,312,312,305,305,329,329,329,329,329,329,322,322,279,128,128,36,128,128,478,441,1471,1119,6608,12658,29968,29968,29966,29947,29938,5131,29983,5089,4594,1885,5418,0,1075,863,29977,29977,29978,29980,29980,29980,29978,120,120,120,29980,29981,29981,29982,29982,29983,29983,29984,29983,29984,29985,29986,29986,29986,29986,29987,29987,29988,29989,29990]} 1. e4 d5 2. exd5 Qxd5 3. Nc3 Qa5 4. d4 Nf6 5. Nf3 Bf5 6. Ne5 c6 7. Bc4 e6 8. O-O Nbd7 9. Re1 Nxe5 {B01: Scandinavian Defence} 10. dxe5 Ng4 $1 (10... Nd5 11. Bd2 Nxc3 12. Bxc3 Bb4 13. Bxb4 Qxb4 14. Bb3 Rd8 15. Qf3 O-O 16. Qe3 c5 17. a3 {0-1 (35) Ascic,P (2396)-Savic,M (2536) Zupanja 2008}) 11. Qe2 Bc5 {Black is slightly better.} 12. Nd1 O-O-O 13. c3 $1 {Strongly threatening b4.} Bb6 $146 ({Predecessor:} 13... Rxd1 14. Rxd1 Bxf2+ 15. Kf1 Qb6 16. Bf4 Be3 17. h3 Bxf4 18. hxg4 {0-1 (59) Fombonne,S-Schaefer,U DESC email 2003}) 14. Bf4 {[#]} Qc5 (14... Rxd1 $1 $17 {[%mdl 512]} 15. Rexd1 (15. Raxd1 Nxf2) 15... Nxf2) 15. b4 $11 Qe7 16. Ne3 Qh4 (16... h5 $11 {remains equal.}) 17. Bg3 $36 {[%mdl 2048] Black is under strong pressure.} Qg5 {With the idea ...Nxe3.} 18. Nxf5 Qxf5 19. Rad1 h5 (19... Nh6 $14) 20. h3 Nh6 21. a4 $1 {[%cal Ba2a4,Ba4a5,Ba5a6,Ba6b7][%mdl 32]} Qg5 (21... Rxd1 $16 {was worth a try.} 22. Rxd1 Rd8) 22. Qf3 $2 (22. a5 $18 Bc7 23. a6) 22... h4 $2 {[%mdl 8192]} (22... Qf5 $1 $11) 23. Bf4 $18 Qg6 $2 (23... Qf5 24. a5 Bc7) 24. a5 Bc7 25. a6 Qc2 26. axb7+ Kb8 27. Rc1 (27. Ra1 $142) 27... Qf5 28. Rcd1 $2 (28. Ra1 $18 Bb6 29. Ra6) 28... Rxd1 $4 {[%mdl 8192]} (28... Qc2 $11 {and Black has nothing to worry.} 29. Ra1 Rd5) 29. Rxd1 {And now Bd3 would win.} g5 30. Be3 $2 (30. Qxc6 $18 gxf4 31. Ba6) 30... Qxf3 $14 31. gxf3 Kxb7 32. Bxg5 Rg8 (32... Bxe5 $14 33. Be3 (33. Bxh4 Nf5 $11) 33... Kc7) 33. f4 $16 {Threatens to win with Kf1.} Nf5 $2 (33... f6 $16) 34. Kf1 Bxe5 35. Rd7+ Kb8 $2 (35... Bc7 36. Bd3 (36. Rxf7 Nd6 $16) 36... c5 37. Rxf7 (37. bxc5 Rf8 $16) 37... cxb4) 36. fxe5 $18 Rxg5 37. Rxf7 {[%mdl 4096] Endgame KRB-KRN} Ng7 38. Ba6 {Rb7+ would kill now.} Nh5 39. Rb7+ Ka8 40. Rh7 {White threatens Rh8+ and mate.} Kb8 41. Rb7+ Ka8 42. Rc7 {[%cal Rc7c8]} Rg8 43. Rxc6 Nf4 44. Rc4 Rf8 45. Rc8+ Rxc8 46. Bxc8 {KB-KN} Kb8 47. Bd7 (47. Ba6 $1 $18) 47... Kc7 $16 48. Ba4 (48. Bb5 $16) 48... Nxh3 $14 49. Bc2 {Hoping for Kg2.} Ng5 $2 {[%mdl 8192]} (49... Nf4 $11 {and Black stays safe.}) 50. Kg2 $18 h3+ 51. Kg3 h2 52. Kxh2 Nf3+ 53. Kg3 Nxe5 54. Kf4 Kd6 55. Ke4 Ng4 56. Kf3 Ne5+ (56... Nf6 $142 57. Ke3 Nd5+ 58. Kd4 e5+ 59. Kc4 Nf4) 57. Ke3 Ng4+ 58. Ke2 $1 Ke5 59. Bb3 Nf6 60. f3 Nh5 61. Kd3 Nf4+ 62. Kc4 Nd5 63. b5 (63. Ba2 $18 {is more deadly.}) 63... Kd6 $16 64. Kd4 (64. Ba2 $1 $16) 64... e5+ {[#]} (64... Nc7 $1 $14) 65. Kc4 $1 Ne3+ $2 {[%mdl 8192] [#]} (65... Nf4 $16 66. Bc2 Nd5) 66. Kb4 $1 $18 Nf1 (66... Nf5 $142 67. c4 Ng3 68. c5+ Kc7) 67. c4 Ne3 68. c5+ Kc7 69. Ka5 Nf5 70. Ka6 Nd4 71. Bd5 (71. Bc4 $142 Nc6 72. bxc6 Kxc6 73. Bd3 Kxc5 74. Kxa7 Kd5 75. Be4+ Ke6 76. Kb6) 71... Kb8 72. c6 (72. b6 $142 axb6 73. Kxb6 Kc8 74. c6 Nc2 75. Be6+ Kd8 76. c7+ Ke7 77. c8=Q) 72... Kc7 73. Be4 (73. Bf7 $142 Nf5 74. Kxa7) 73... Kd6 74. Bd5 (74. Bd3 $142 Nxc6 75. bxc6 Kxc6 76. Kxa7) 74... Kc7 75. Bc4 Nxf3 76. Kxa7 Nd4 77. b6+ {[%cal Bb5b6,Bb6b7][%mdl 32]} Kxc6 78. b7 Kc5 79. Be6 $2 (79. Bd3 {mates} Nc6+ 80. Ka8 Kd5 81. Bb5 Kd6 82. Bxc6 Kxc6 83. b8=Q Kd5 84. Qb4) 79... Nc6+ $16 80. Ka8 Kd6 $2 {[%mdl 8192]} (80... e4 $16 81. Bd7 e3 82. Bxc6 e2) 81. Bc4 {White mates.} Kc7 82. Bd3 Nb8 83. Bb5 e4 84. Ka7 e3 85. Ka8 e2 86. Bxe2 Nd7 87. Bg4 Nb8 88. Bf5 Nc6 89. Bd3 Kb6 90. Be4 {Accuracy: White = 54%, Black = 30%.} 1-0

[Event "Legislatura Portena Open 2019"]
[Site "Buenos Aires"]
[Date "2019.03.26"]
[Round "6.8"]
[White "Alonso, Salvador"]
[Black "GARCIA, Raimundo"]
[Result "1-0"]
[WhiteElo "2497"]
[BlackElo "2238"]
[Annotator "TA"]
[PlyCount "76"]
[EventDate "2019.03.20"]
[EventType "swiss"]
[EventCountry "ARG"]
[SourceTitle "playchess.com"]
[Source "ChessBase"]
[SourceQuality "1"]

{[%evp 15,76,18,16,32,52,22,34,21,22,10,26,10,24,0,64,0,4,15,77,81,83,59,77,56,66,21,95,49,87,56,111,116,111,111,133,122,117,108,108,110,106,110,275,246,297,280,316,315,308,308,383,391,387,381,433,417,415,391,876,881,836,831,760]} 1. e4 c6 2. d4 d5 3. Nd2 dxe4 4. Nxe4 Nf6 5. Nxf6+ exf6 6. c3 Bd6 7. Bd3 O-O 8. Ne2 Re8 9. Qc2 {B15: Caro-Kann: 3 Nc3: 3...g6 and 3...dxe4 4 Nxe4 Nf6 5 Nxf6+ exf6} h5 10. Be3 (10. O-O {seems wilder.} Qc7 11. h3 Be6 12. Be3 Nd7 13. c4) 10... Nd7 (10... Qa5 11. O-O h4 12. Bf4 Qc7 13. Qd2 Nd7 14. Rfe1 Nf8 15. Bxd6 Qxd6 16. Qf4 Qxf4 17. Nxf4 {½-½ (121) Savchenko,B (2562)-Nakamura,H (2746) St Petersburg 2018}) 11. O-O-O {White is slightly better.} Nf8 12. Kb1 Be6 13. c4 Rc8 14. Nc3 a6 $146 ({Black should try} 14... Bb4 $11) 15. h3 (15. c5 $14 Bc7 16. Be4) 15... b5 $1 $11 16. c5 Bb8 {[#]} (16... b4 $1 $11) 17. Be4 $1 $16 b4 18. d5 cxd5 19. Bxd5 (19. Nxd5 {looks sharper.} Qa5 20. b3 Ba7 21. c6 f5 22. Bf3) 19... Qe7 20. Bxe6 fxe6 (20... Qxe6 $11 21. Nd5 Rcd8 22. Nxb4 a5) 21. Ne4 Red8 22. g4 h4 (22... Qe8 $14) 23. Rxd8 Qxd8 24. Rd1 $36 {[%mdl 2048] White is in control.} Qe8 25. Nd6 Bxd6 26. Rxd6 Qb5 27. Qd3 Qxd3+ 28. Rxd3 {[%mdl 4096] Endgame KRB-KRN} Rc6 $2 {[#]} (28... Kf7 $16 {keeps fighting.}) 29. Kc2 $18 Kf7 30. Kb3 Ke7 31. Kxb4 Nd7 32. f4 f5 33. gxf5 exf5 34. Bf2 Ke6 35. Re3+ Kf7 36. Bxh4 Nf6 $2 (36... a5+ 37. Kxa5 Rxc5+ 38. Kb4 Kg6) 37. Bxf6 Kxf6 38. h4 Rc8 {Accuracy: White = 84%, Black = 26%.} 1-0

[Event "Legislatura Portena Open 2019"]
[Site "Buenos Aires"]
[Date "2019.03.26"]
[Round "6.9"]
[White "Villanueva, Mario"]
[Black "Madina Yadarola, Martin"]
[Result "1-0"]
[WhiteElo "2482"]
[BlackElo "2236"]
[Annotator "TA"]
[PlyCount "79"]
[EventDate "2019.03.20"]
[EventType "swiss"]
[EventCountry "ARG"]
[SourceTitle "playchess.com"]
[Source "ChessBase"]
[SourceQuality "1"]

{[%evp 15,79,53,41,50,45,40,56,40,35,37,61,41,177,175,171,180,247,254,477,481,486,475,528,542,537,538,552,539,625,618,611,609,509,262,289,289,282,283,278,291,323,290,303,218,234,231,326,318,493,497,492,500,479,493,504,509,473,502,953,513,543,482,685,160,644,644]} 1. e4 c5 2. Nf3 e6 3. d4 cxd4 4. Nxd4 a6 5. Nc3 b5 6. Bd3 Bb7 7. O-O Qc7 8. Re1 Nf6 9. e5 {B43: Sicilian: Kan Variation: 5 Nc3} (9. Bg5 Nc6 10. Nxc6 Qxc6 11. Qf3 Be7 12. a3 Qc5 13. Be3 Qe5 14. Bf4 Qh5 15. Qe3 Bc5 16. Qd2 O-O {1-0 (60) Radjabov,T (2742)-Artemiev,V (2692) Tbilisi 2017}) 9... Nd5 $1 10. Ne4 {Black must now prevent Nf5.} Nc6 11. Nd6+ {White is slightly better.} Bxd6 12. exd6 Qb6 13. Nf5 O-O-O $146 (13... O-O $14 14. Be4 exf5 15. Bxd5 Rab8) ({Predecessor:} 13... g6 14. Ng3 Na5 15. a4 b4 16. Be4 Qxd6 {½-½ (24) Popovych,O-Feuerstein,A New York 1972}) 14. c4 $36 {[%mdl 2048] White is on the roll.} (14. Nxg7 Rhg8 $11) 14... bxc4 15. Bxc4 Ncb4 (15... Qc5 $142) 16. Ne7+ ({Stronger than} 16. Nxg7 Qc6 $11) 16... Nxe7 $2 (16... Kb8 {was called for.} 17. a3 Qc5) 17. dxe7 Rde8 18. Be3 Qa5 19. Bd2 Qb6 20. Qb3 a5 21. a3 Qc6 {[%csl Gb7][%cal Rc6g2] [#]} 22. Bf1 Qd5 23. Rec1+ Nc6 24. Qxd5 exd5 25. Bxa5 Rxe7 26. b4 {[%cal Bb2b4,Bb4b5][%mdl 32]} Kb8 27. Bb6 d6 28. b5 Ne5 29. a4 {[%cal Ba3a4,Ba4a5,Ba5a6][%mdl 32]} Nc4 30. Bd4 Na5 (30... Nd2 $142 31. Rd1 (31. Bxg7 Rg8 $18) 31... Nxf1 32. Kxf1 (32. Rxf1 Rc8 $18) 32... f6) 31. Rcb1 ({Don't take} 31. Bxg7 Rg8 $18) 31... f6 (31... Rc8 $142 32. Bxg7 h5) 32. Bc3 Nc4 33. a5 Bc8 34. a6 Bf5 35. Rd1 Rc8 36. Rxd5 h6 (36... Be4 $142 37. Rd4 d5) 37. Rdd1 d5 38. Bd4 Kc7 (38... Re6 $142 39. Rac1 h5) 39. Rdb1 $2 (39. Ba7 $18) 39... Rb8 $2 {[#]} (39... Bxb1 $16 40. Rxb1 Kb8) 40. b6+ $1 {[%mdl 512] Accuracy: White = 74%, Black = 33%.} 1-0

[Event "Legislatura Portena Open 2019"]
[Site "Buenos Aires"]
[Date "2019.03.26"]
[Round "6.10"]
[White "Converset, Juan Jose"]
[Black "Saldano Dayer, Horacio"]
[Result "1/2-1/2"]
[WhiteElo "2227"]
[BlackElo "2422"]
[Annotator "TA"]
[PlyCount "96"]
[EventDate "2019.03.20"]
[EventType "swiss"]
[EventCountry "ARG"]
[SourceTitle "playchess.com"]
[Source "ChessBase"]
[SourceQuality "1"]

{[%evp 13,96,45,52,0,-6,0,38,41,34,33,33,27,52,40,31,37,90,39,39,52,35,37,33,40,47,51,37,0,20,7,9,8,19,-16,1,-37,-47,-37,-37,-93,-91,-109,-48,-57,-48,-48,-47,-35,-41,-42,-41,-37,0,0,9,13,61,43,54,57,61,66,70,70,108,104,104,103,110,91,104,86,128,93,138,149,147,71,45,0,0,0,0,0,0]} 1. e4 e5 2. Nf3 Nc6 3. Bb5 a6 4. Ba4 Nf6 5. O-O Nxe4 6. d4 Be7 7. Re1 b5 8. d5 {C84: Closed Ruy Lopez: Unusual White 6th moves} ({White should try} 8. Rxe4 $14 bxa4 9. d5 (9. dxe5 Rb8 $14) (9. Nxe5 O-O $14)) (8. Rxe4 d5 9. Nxe5 Nxe5 10. Rxe5 bxa4 11. Qe2 c6 12. Nc3 Ra7 13. Nxa4 O-O 14. Bd2 Bd6 15. f4 Bxe5 16. fxe5 {½-½ (65) Saric,I (2695)-Ragger,M (2687) St Petersburg 2018}) 8... Nc5 $11 9. Bb3 Nxb3 10. axb3 {White is slightly better.} Nb8 11. Nxe5 O-O 12. Nc3 $146 ({Predecessor:} 12. c4 b4 13. Bf4 c5 14. d6 Bf6 15. Qd5 Nc6 16. Nxc6 dxc6 17. Qxc6 {1-0 (28) Milman,L (2439)-Davis,L (2153) Philadelphia 2005}) 12... Bb7 13. Ne4 d6 14. Nf3 $1 c6 (14... Nd7 $14) 15. Qd3 (15. Bf4 $16) 15... Nd7 16. dxc6 Bxc6 17. Nd4 ({Avoid the trap} 17. Nxd6 $2 Nc5 $19) 17... Ne5 18. Qg3 {[#] Bh6 is the strong threat.} Bd7 19. Bg5 f6 20. Bd2 Qb6 21. Be3 Qb7 22. Bh6 {[%csl Gh6][%cal Rg3g7] [#]} Rf7 23. Bd2 b4 24. f4 Nc6 25. Qd3 d5 26. Nxc6 (26. Ng3 $15) 26... Bxc6 $17 27. Ng3 Bc5+ (27... d4 $17) 28. Be3 $15 d4 29. Bxd4 Bxd4+ 30. Qxd4 Bxg2 31. Ne4 Bxe4 32. Rxe4 a5 33. Rxa5 Rc8 (33... Rxa5 $5 34. Re8+ $8 Rf8 35. Rxf8+ Kxf8 36. Qd8+ {[%mdl 64] Double Attack} Kf7 37. Qxa5 Kg6 $11) 34. Rc5 $36 {[%mdl 2048] White has the initiative.} Rb8 (34... g6 {feels hotter.} 35. Re2 Rxc5 36. Qxc5 Kg7 37. Kf2 Rc7) 35. Qd5 Qxd5 36. Rxd5 $14 {[%mdl 4096] Endgame KRR-KRR} Rc7 37. Rc4 Ra7 38. Kf2 Ra2 39. Rd7 {Black must now prevent Rcc7.} Rxb2 40. Rcc7 Kh8 41. h4 h5 42. Ke3 f5 43. Kd3 Rb1 44. Rxg7 {Strongly threatening Rh7+.} Rd1+ 45. Ke2 ({Better is} 45. Kc4) 45... Re8+ $16 46. Kxd1 Re1+ $1 {The position is equal.} 47. Kd2 Rd1+ $1 48. Ke2 {Threatening mate with Rh7+.} Rd2+ $1 {Accuracy: White = 57%, Black = 45%.} 1/2-1/2

[Event "Legislatura Portena Open 2019"]
[Site "Buenos Aires"]
[Date "2019.03.27"]
[Round "7.1"]
[White "Romero Barreto, Jaime Jose"]
[Black "Slipak, Sergio"]
[Result "1-0"]
[WhiteElo "2337"]
[BlackElo "2427"]
[Annotator "TA"]
[PlyCount "67"]
[EventDate "2019.03.20"]
[EventType "swiss"]
[EventCountry "ARG"]
[SourceTitle "playchess.com"]
[Source "ChessBase"]
[SourceQuality "1"]

{[%evp 21,67,0,11,32,19,19,30,19,20,0,0,0,0,-12,-7,-7,58,60,128,86,281,256,255,67,153,8,8,8,8,8,8,21,307,297,264,189,158,165,1375,1385,1354,1367,1269,1280,1196,1196,1179,1164]} 1. e4 c6 2. d4 d5 3. Nc3 dxe4 4. Nxe4 Bf5 5. Ng3 Bg6 6. h4 h6 7. Nf3 e6 8. h5 Bh7 9. Bd3 Bxd3 10. Qxd3 Nf6 11. Bd2 c5 12. Ne4 {B19: Classical Caro-Kann: 4...Bf5 main line} cxd4 (12... Nc6 13. Bc3 Nb4 14. Bxb4 cxb4 15. Nxf6+ gxf6 16. c4 Qc7 17. O-O Rg8 18. c5 O-O-O 19. a3 Qc6 {½-½ (51) Inarkiev,E (2680)-Artemiev,V (2701) Sharjah 2018}) 13. Nxf6+ Qxf6 14. Qb5+ {White has an edge.} Nd7 15. Qxb7 Rb8 16. Qxa7 Bc5 17. Qc7 Rxb2 18. O-O {Threatens to win with Rab1.} Qd8 $146 (18... Rxc2 $11 19. Rac1 d3 20. Rxc2 dxc2) ({Predecessor:} 18... Ke7 19. Bf4 Rc8 20. Qxc8 Qxf4 {1-0 (35) Bojanic,B (2245)-Ratkovic,M (2176) Novi Sad 2012}) 19. Qg3 $1 $14 Qf6 ({Black should try} 19... Nf6 $14) 20. Rab1 $1 $16 {[%cal Rb1b2]} Rb6 $2 ({Don't play} 20... Rxc2 $6 21. Rb7 $11) (20... Rxb1 $16 21. Rxb1 O-O) 21. Rxb6 $18 Bxb6 {[#]} 22. Rb1 $2 (22. Bb4 $1 $18) 22... e5 {[#]} ({Better is} 22... O-O $1 $14) 23. Nxe5 $1 {[%mdl 512]} Nxe5 $11 {[#]} 24. Rxb6 $1 {[%mdl 576] Deflection} Qxb6 25. Qxg7 Qb1+ 26. Kh2 Nf3+ $2 {[%mdl 8192]} (26... Kd7 $1 $11 27. Qxh8 Qxc2) 27. gxf3 $18 {[%mdl 4096] Endgame KQR-KQB} Qb8+ 28. f4 Ke7 29. Qxd4 {Bb4+ is the strong threat.} Rd8 $2 (29... Rc8 30. Bb4+ Ke6 31. Qe4+ Kd7 32. Qf5+ Ke8) 30. Bb4+ {White is clearly winning.} Ke8 31. Qe4+ Kd7 {[#]} 32. Qd5+ $1 Ke8 33. Qc6+ {[%mdl 64] Double Attack} Rd7 34. Qe4+ {Accuracy: White = 63%, Black = 26%.} 1-0

[Event "Legislatura Portena Open 2019"]
[Site "Buenos Aires"]
[Date "2019.03.27"]
[Round "7.2"]
[White "Quiroga, Facundo"]
[Black "Perez, Maximiliano"]
[Result "0-1"]
[WhiteElo "2267"]
[BlackElo "2418"]
[Annotator "TA"]
[PlyCount "106"]
[EventDate "2019.03.20"]
[EventType "swiss"]
[EventCountry "ARG"]
[SourceTitle "playchess.com"]
[Source "ChessBase"]
[SourceQuality "1"]

{[%evp 19,106,35,35,14,14,-7,-8,-8,-1,-7,0,2,25,23,23,22,25,21,50,27,48,12,91,24,25,0,0,-19,0,-10,0,0,3,-2,-20,-22,3,4,25,0,0,0,0,-9,0,-12,-6,-6,-6,-10,0,-25,-20,-34,-28,-74,-60,-93,-67,-113,-112,-121,-108,-141,-134,-135,-137,-147,-145,-243,-249,-350,-335,-347,-346,-307,-356,-325,-336,-457,-487,-514,-499,-509,-462,-475,-448,-925,-909]} 1. d4 Nf6 2. c4 g6 3. Nc3 Bg7 4. e4 d6 5. Be2 O-O 6. Nf3 Na6 7. O-O e5 8. Be3 c6 9. dxe5 dxe5 10. Qxd8 Rxd8 11. Rad1 {E94: King's Indian: Classical: 6 Be2 e5 7 0-0: Various Black 7th moves} Re8 12. Nd2 $146 ({Predecessor:} 12. h3 Bf8 13. Nd2 Nc5 14. f3 Nh5 15. Nb3 Ne6 16. c5 Ng3 17. Rf2 f5 18. Bc4 f4 19. Bc1 b5 20. Nxb5 cxb5 21. Bxb5 {½-½ (54) Matsenko,S (2505)-Shimanov,A (2606) Kaliningrad 2015}) 12... Ng4 13. Bg5 {The position is equal.} h6 14. Bh4 Nf6 15. Nb3 Be6 16. Rd2 b6 17. Rfd1 Rac8 18. f3 Nh5 19. Bf2 Bf8 20. Be3 Be7 {[#]} (20... Nf4 $11 {remains equal.}) 21. g3 ({White should play} 21. Nd5 $1 $16) 21... Bg5 22. Bxg5 hxg5 23. Kf2 Kf8 24. Na1 Kg7 25. Nc2 Rh8 26. b4 Nf6 27. Kg1 Nb8 28. Ne3 Kf8 29. Rd8+ Ke7 30. Rxh8 Rxh8 31. Rd2 Rc8 32. a3 Ne8 33. Kf2 Nd6 34. g4 Ne8 35. Ke1 Nc7 36. b5 Ne8 37. bxc6 Nxc6 38. Ncd5+ Kf8 39. c5 bxc5 40. Nc4 Rb8 41. Rb2 Rxb2 42. Nxb2 Nd6 43. Na4 c4 44. Nb4 (44. Nac3 $17) 44... Nd4 $19 45. Nc3 (45. Nc5 {was forced.}) 45... a5 46. Nbd5 Bxd5 47. Nxd5 {[%mdl 4096] Endgame [#] KBN-KNN} Nc2+ $1 48. Kd2 Nxa3 49. Nc3 Ke7 {Black is clearly winning.} 50. Kc1 Nab5 51. Nd5+ Ke6 52. Nb6 Nd4 53. Kd2 {[#]} (53. Bd1 $142 c3 54. h3) 53... c3+ $1 {Accuracy: White = 28%, Black = 64%.} 0-1

[Event "Legislatura Portena Open 2019"]
[Site "Buenos Aires"]
[Date "2019.03.27"]
[Round "7.3"]
[White "Garcia Palermo, Carlos"]
[Black "Zapata Charles, Santiago"]
[Result "1/2-1/2"]
[WhiteElo "2407"]
[BlackElo "2303"]
[Annotator "TA"]
[PlyCount "47"]
[EventDate "2019.03.20"]
[EventType "swiss"]
[EventCountry "ARG"]
[SourceTitle "playchess.com"]
[Source "ChessBase"]
[SourceQuality "1"]

{[%evp 17,47,7,16,-27,-30,-24,-18,-23,-7,-36,-10,-9,-6,-35,-8,-8,0,0,0,-23,-15,-23,-19,-20,0,0,0,0,0,-6,0,-6]} 1. d4 Nf6 2. c4 g6 3. Nc3 d5 4. Nf3 Bg7 5. Bg5 Ne4 6. Bf4 Nxc3 7. bxc3 c5 8. cxd5 Qxd5 9. e3 O-O 10. Qb3 {D80: Grünfeld: Unusual White 4th moves and 4 Bg5} (10. Be2 cxd4 11. cxd4 Qa5+ 12. Qd2 Nc6 13. Qxa5 Nxa5 14. Kd2 Be6 15. Rhc1 Rfc8 16. Bd3 Rxc1 17. Kxc1 Rc8+ 18. Kd2 Bd5 19. e4 Bc4 20. Rc1 b5 {½-½ (48) So,W (2780)-Wei,Y (2729) chess.com INT 2018}) 10... Be6 11. Qa3 $146 ({Predecessor:} 11. Qxd5 Bxd5 12. Be2 Nc6 13. O-O Rfc8 14. Rfd1 cxd4 15. cxd4 Nb4 16. Rd2 a5 17. Ne1 Bc4 18. Bxc4 Rxc4 {½-½ (50) Ju,W (2572)-Puranik,A (2520) chess.com INT 2018}) 11... cxd4 12. cxd4 Nc6 {[%cal Bb8c6,Bc6a5,Ba5c4][%mdl 32]} 13. Be2 Qa5+ (13... a5 {feels hotter.} 14. Qb2 Rfc8 15. O-O Nb4 16. Ne1 Qc6) 14. Qxa5 Nxa5 15. Bc7 b6 16. Ba6 Bc4 17. Bxc4 Nxc4 18. Rc1 b5 19. Ke2 Rfc8 20. Bg3 {The position is equal.} e6 21. Nd2 Nxd2 22. Kxd2 Bf8 23. Rxc8 Rxc8 24. Rc1 {Accuracy: White = 32%, Black = 69%.} 1/2-1/2